<?xml version="1.0" encoding="UTF-8"?>
<record
    xmlns:xsi="http://www.w3.org/2001/XMLSchema-instance"
    xsi:schemaLocation="http://www.loc.gov/MARC21/slim http://www.loc.gov/standards/marcxml/schema/MARC21slim.xsd"
    xmlns="http://www.loc.gov/MARC21/slim">

  <leader>03688nam a2200469 i 4500</leader>
  <controlfield tag="001">52934</controlfield>
  <controlfield tag="003">FINmELB</controlfield>
  <controlfield tag="005">20241216232431.0</controlfield>
  <controlfield tag="006">m     o  u        </controlfield>
  <controlfield tag="007">cr cn|||||||||</controlfield>
  <controlfield tag="008">211013s2010    ag a    ob    000 0 spa d</controlfield>
  <datafield tag="020" ind1=" " ind2=" ">
    <subfield code="z">9789871305599</subfield>
  </datafield>
  <datafield tag="035" ind1=" " ind2=" ">
    <subfield code="a">(OCoLC)1280138190</subfield>
  </datafield>
  <datafield tag="040" ind1=" " ind2=" ">
    <subfield code="a">FINmELB</subfield>
    <subfield code="b">spa</subfield>
    <subfield code="e">rda</subfield>
    <subfield code="c">FINmELB</subfield>
  </datafield>
  <datafield tag="050" ind1=" " ind2="4">
    <subfield code="a">Z701</subfield>
    <subfield code="b">.M585 2010</subfield>
  </datafield>
  <datafield tag="080" ind1=" " ind2=" ">
    <subfield code="a">023</subfield>
  </datafield>
  <datafield tag="082" ind1="0" ind2="4">
    <subfield code="a">025.84</subfield>
    <subfield code="2">23</subfield>
  </datafield>
  <datafield tag="100" ind1="1" ind2=" ">
    <subfield code="a">M&#xE1;ntica, Mario,</subfield>
    <subfield code="e">autor.</subfield>
  </datafield>
  <datafield tag="245" ind1="1" ind2="0">
    <subfield code="a">Conservaci&#xF3;n del patrimonio y aplicaciones de la f&#xED;sico-qu&#xED;mica /</subfield>
    <subfield code="c">Mario M&#xE1;ntica.</subfield>
  </datafield>
  <datafield tag="264" ind1=" " ind2="1">
    <subfield code="a">Ciudad Aut&#xF3;noma de Buenos Aires :</subfield>
    <subfield code="b">Alfagrama Ediciones,</subfield>
    <subfield code="c">2010.</subfield>
  </datafield>
  <datafield tag="300" ind1=" " ind2=" ">
    <subfield code="a">1 recurso en l&#xED;nea (140 p&#xE1;ginas) :</subfield>
    <subfield code="b">ilustraciones</subfield>
  </datafield>
  <datafield tag="336" ind1=" " ind2=" ">
    <subfield code="a">texto</subfield>
    <subfield code="b">txt</subfield>
    <subfield code="2">rdacontent/spa</subfield>
  </datafield>
  <datafield tag="337" ind1=" " ind2=" ">
    <subfield code="a">computadora</subfield>
    <subfield code="b">c</subfield>
    <subfield code="2">rdamedia/spa</subfield>
  </datafield>
  <datafield tag="338" ind1=" " ind2=" ">
    <subfield code="a">recurso en l&#xED;nea</subfield>
    <subfield code="b">cr</subfield>
    <subfield code="2">rdacarrier/spa</subfield>
  </datafield>
  <datafield tag="490" ind1="1" ind2=" ">
    <subfield code="a">Biblioteca Alfagrama</subfield>
  </datafield>
  <datafield tag="504" ind1=" " ind2=" ">
    <subfield code="a">Incluye referencias bibliogr&#xE1;ficas.</subfield>
  </datafield>
  <datafield tag="520" ind1=" " ind2=" ">
    <subfield code="a">Libros, documentos y obras de arte se deterioran como consecuencia de su interacci&#xF3;n con el ambiente o los usuarios. Los da&#xF1;os que observamos son la evidencia de cambios f&#xED;sicos y qu&#xED;micos en los materiales que los constituyen. Conocer la naturaleza de los materiales es el primer paso para controlar esos cambios y evitar o detener el deterioro. La qu&#xED;mica es la ciencia que posibilita comprender las transformaciones que ocurren en los materiales cuando interviene alguna clase de energ&#xED;a. Por ejemplo, por acci&#xF3;n de la luz, la temperatura o un reactivo utilizado para restaurar, se produce un reordenamiento de los &#xE1;tomos en los materiales afectados, con consecuencias que s&#xF3;lo pueden preverse conociendo las leyes de la qu&#xED;mica. El aprendizaje de estas leyes no resulta f&#xE1;cil para los conservadores de habla hispana, pues no cuentan con textos en espa&#xF1;ol sobre qu&#xED;mica aplicada a su especialidad, y en la qu&#xED;mica general no encuentran referencias expl&#xED;citas a su problem&#xE1;tica cotidiana. Este libro se presenta como una gu&#xED;a pr&#xE1;ctica para acceder a la conservaci&#xF3;n desde la qu&#xED;mica. En sus p&#xE1;ginas se abordan casos habituales -como el proceso de oxidaci&#xF3;n del hierro, o la presencia inevitable de una l&#xED;nea en la uni&#xF3;n de las partes de un objeto reparado-, se explican las causas de los fen&#xF3;menos y se propicia la aplicaci&#xF3;n de criterios adecuados para controlarlos. El autor es, adem&#xE1;s de un experimentado restaurador actualizado en los principios de la conservaci&#xF3;n de bienes culturales, un h&#xE1;bil docente capaz de poner a nuestro alcance la comprensi&#xF3;n del m&#xE9;todo cient&#xED;fico. Si bien &#xB7;Conservaci&#xF3;n dedel patrimonioy aplicaciones de la f&#xED;sico-qu&#xED;mica&#xB7; constituye un valioso aporte para profesionales de museos, bibliotecas y archivos, su tono simple y did&#xE1;ctico lo hace especialmente accesible para estudiantes de las carreras afines y para todo interesado en conservar objetos.</subfield>
  </datafield>
  <datafield tag="588" ind1=" " ind2=" ">
    <subfield code="a">Descripci&#xF3;n basada en metadatos suministrados por el editor y otras fuentes.</subfield>
  </datafield>
  <datafield tag="590" ind1=" " ind2=" ">
    <subfield code="a">Recurso electr&#xF3;nico. Santa Fe, Arg.: elibro, 2021. Disponible v&#xED;a World Wide Web. El acceso puede estar limitado para las bibliotecas afiliadas a elibro.</subfield>
  </datafield>
  <datafield tag="650" ind1=" " ind2="0">
    <subfield code="a">Cultural property.</subfield>
  </datafield>
  <datafield tag="650" ind1=" " ind2="4">
    <subfield code="a">Qu&#xED;mica f&#xED;sica.</subfield>
  </datafield>
  <datafield tag="650" ind1=" " ind2="4">
    <subfield code="a">Patrimonio cultural.</subfield>
  </datafield>
  <datafield tag="650" ind1=" " ind2="4">
    <subfield code="a">Conservaci&#xF3;n de documentos.</subfield>
  </datafield>
  <datafield tag="650" ind1=" " ind2="0">
    <subfield code="a">Library materials</subfield>
    <subfield code="x">Conservation and restoration.</subfield>
  </datafield>
  <datafield tag="655" ind1=" " ind2="4">
    <subfield code="a">Libros electr&#xF3;nicos.</subfield>
  </datafield>
  <datafield tag="797" ind1="2" ind2=" ">
    <subfield code="a">elibro, Corp.</subfield>
  </datafield>
  <datafield tag="830" ind1=" " ind2="0">
    <subfield code="a">Biblioteca Alfagrama.</subfield>
  </datafield>
  <datafield tag="856" ind1="4" ind2="0">
    <subfield code="u">https://elibro.net/ereader/politecnicointernacional/188029</subfield>
  </datafield>
  <datafield tag="999" ind1=" " ind2=" ">
    <subfield code="c">52934</subfield>
    <subfield code="d">52934</subfield>
  </datafield>
</record>
